Comentarios sobre el nuevo régimen de locaciones previsto por la ley 27.737, modificatoria del Código Civil y Comercial y de la ley 27.551. ¿Solución real para el grave problema de acceso a la vivienda de los locatarios? / (Registro nro. 5346)
[ vista simple ]
| 000 -LEADER | |
|---|---|
| fixed length control field | 01392nab a22002417a 4500 |
| 003 - CONTROL NUMBER IDENTIFIER | |
| control field | OSt |
| 005 - DATE AND TIME OF LATEST TRANSACTION | |
| control field | 20250224000344.0 |
| 008 - FIXED-LENGTH DATA ELEMENTS--GENERAL INFORMATION | |
| fixed length control field | 190603e xxum|||| |||| 00| 0 spa d |
| 040 ## - CATALOGING SOURCE | |
| Transcribing agency | PJ |
| 100 ## - MAIN ENTRY--PERSONAL NAME | |
| 9 (RLIN) | 4799 |
| Personal name | Iturbide, Gabriela A. |
| 245 10 - TITLE STATEMENT | |
| Title | Comentarios sobre el nuevo régimen de locaciones previsto por la ley 27.737, modificatoria del Código Civil y Comercial y de la ley 27.551. ¿Solución real para el grave problema de acceso a la vivienda de los locatarios? / |
| Statement of responsibility, etc | Gabriela A. Iturbide. |
| 260 ## - PUBLICATION, DISTRIBUTION, ETC. (IMPRINT) | |
| Date of publication, distribution, etc | Ciudad Autónoma de Buenos Aires : |
| Place of publication, distribution, etc | Thomson Reuters La Ley, |
| Name of publisher, distributor, etc | 2023. |
| 300 ## - PHYSICAL DESCRIPTION | |
| Extent | p. 223-240 |
| 500 ## - GENERAL NOTE | |
| General note | Cita Online: TR LALEY AR/DOC/2646/2023. |
| 505 ## - FORMATTED CONTENTS NOTE | |
| Formatted contents note | Sumario: I. Introducción.— II. Incidencia de las modificaciones al Cód. Civ. y Com. efectuadas por la ley 27.551 en materia de locaciones.— III. La nueva ley 27.737 y su impacto en el Cód. Civ. y Com. modificado por la ley 27.551.— IV. Consideraciones finales. |
| 505 ## - FORMATTED CONTENTS NOTE | |
| Title | ¿Te interesa el texto completo? Solicitalo al correo: koha@justierradelfuego.gov.ar |
| 650 #0 - SUBJECT ADDED ENTRY--TOPICAL TERM | |
| 9 (RLIN) | 1497 |
| Topical term or geographic name as entry element | CODIGO CIVIL Y COMERCIAL |
| 650 #0 - SUBJECT ADDED ENTRY--TOPICAL TERM | |
| 9 (RLIN) | 3597 |
| Topical term or geographic name as entry element | LOCACIÓN DE INMUEBLES |
| 650 #0 - SUBJECT ADDED ENTRY--TOPICAL TERM | |
| 9 (RLIN) | 3790 |
| Topical term or geographic name as entry element | ACTUALIZACIÓN MONETARIA |
| 650 #0 - SUBJECT ADDED ENTRY--TOPICAL TERM | |
| 9 (RLIN) | 3470 |
| Topical term or geographic name as entry element | MONEDA EXTRANJERA |
| 773 0# - HOST ITEM ENTRY | |
| Host Biblionumber | 2713 |
| Host Itemnumber | 3170 |
| Place, publisher, and date of publication | Ciudad Autónoma de Buenos Aires : Thomson Reuters La Ley, 2015- |
| Title | Revista Código Civil y Comercial. Nº 6 - Diciembre 2023 |
| 942 ## - ADDED ENTRY ELEMENTS (KOHA) | |
| Source of classification or shelving scheme | |
| Koha item type | Analítica Artículo de Revista |
No hay ítems disponibles.
